| 000 | 00369pab a2200145 454500 | ||
|---|---|---|---|
| 008 | 180718b1997 xxu||||| |||| 00| 0 eng d | ||
| 100 | _aShukla, R.P. | ||
| 245 | _aTowards developing values among children: an analytical approach | ||
| 260 | _c1997 | ||
| 300 | _ap.14-17 | ||
| 362 | _a29 Sep | ||
| 650 | _aChild welfare | ||
| 773 | _aUniversity News | ||
| 909 | _a35572 | ||
| 999 |
_c35572 _d35572 |
||